00421nam a22001457a 4500003000400000008004100004082001700045100001600062245011500078260003200193300000900225502001500234650001700249650000900266OSt260425b |||||||| |||| 00| 0 eng d a634.44bD18S aDatta, Alok aStudies on the Effect of Plant Growth Substances for Fruit Retention in Mango (Mangifera Indica L.) CV. Langra aPusa, SamastipurbRAUc1987 a74P. bMsc.d1987 aHorticulture aMsc.